[Event "Vaujany 2021 Principal"]
[Site "Vaujany"]
[Date "2021.07.18"]
[Round "4.8"]
[White "Real, T."]
[Black "Flear, G."]
[Result "0-1"]
[WhiteElo "2223"]
[BlackElo "2433"]
[PlyCount "40"]
[EventDate "2021.07.15"]
[EventType "swiss"]
[EventRounds "9"]
[EventCountry "FRA"]
[SourceVersionDate "2021.07.15"]

1. Nf3 d5 2. e3 Nf6 3. c4 e6 4. b3 c5 5. Bb2 Nc6 6. cxd5 exd5 7. Be2 Be7 8. O-O
O-O 9. d4 Ne4 10. Nc3 Bf6 11. Na4 Bg4 12. Rb1 cxd4 13. Nxd4 Bxd4 14. Bxg4 Bxb2
15. Rxb2 b5 16. Nc5 Nxc5 17. Rc2 Qd6 18. Qc1 Ne5 19. Rxc5 Nxg4 20. Rc6 Qxh2#
0-1

[Event "Vaujany 2021 Principal"]
[Site "Vaujany"]
[Date "2021.07.19"]
[Round "5.30"]
[White "Penalver, Frederic"]
[Black "Keller, Christophe"]
[Result "0-1"]
[WhiteElo "1920"]
[BlackElo "2056"]
[PlyCount "24"]
[EventDate "2021.07.15"]
[EventType "swiss"]
[EventRounds "9"]
[EventCountry "FRA"]
[SourceVersionDate "2021.07.15"]

1. e4 e6 2. d4 d5 3. Nd2 Nf6 4. e5 Nfd7 5. Bd3 c5 6. c3 Nc6 7. Ne2 f6 8. Nf4
Qe7 9. Nf3 cxd4 10. exf6 Qxf6 11. cxd4 Bb4+ 12. Bd2 Qxf4 0-1

[Event "Vaujany 2021 Principal"]
[Site "Vaujany"]
[Date "2021.07.19"]
[Round "5.8"]
[White "Degraeve, Remy"]
[Black "Dudognon, Thibault"]
[Result "1-0"]
[WhiteElo "2357"]
[BlackElo "2256"]
[PlyCount "65"]
[EventDate "2021.07.15"]
[EventType "swiss"]
[EventRounds "9"]
[EventCountry "FRA"]
[SourceVersionDate "2021.07.15"]

1. e4 c6 2. d4 d5 3. exd5 cxd5 4. Nf3 Nc6 5. Bb5 Nf6 6. Ne5 Bd7 7. Nxd7 Qxd7 8.
c3 e6 9. O-O Bd6 10. Nd2 a6 11. Bd3 Qc7 12. g3 h5 13. Nf3 O-O-O 14. Bg5 Rdg8
15. c4 dxc4 16. Bxc4 Kb8 17. Rc1 Qa5 18. Bxf6 gxf6 19. d5 exd5 20. Bxd5 Ne5 21.
Qb3 Qb5 22. Nxe5 Bxe5 23. Qxb5 axb5 24. Rc5 Rc8 25. Rxb5 Rc7 26. h4 Rd8 27. Re1
Rdd7 28. Re2 Rc8 29. Kg2 Ka7 30. Bf3 Rh8 31. Re3 Rc8 32. Reb3 Rc2 33. Bxb7 1-0

[Event "Vaujany 2021 Principal"]
[Site "Vaujany"]
[Date "2021.07.19"]
[Round "5.11"]
[White "Leccia, Antoine"]
[Black "Lamorelle, Julien"]
[Result "1/2-1/2"]
[WhiteElo "2009"]
[BlackElo "2300"]
[PlyCount "41"]
[EventDate "2021.07.15"]
[EventType "swiss"]
[EventRounds "9"]
[EventCountry "FRA"]
[SourceVersionDate "2021.07.15"]

1. d4 d5 2. Nf3 Nf6 3. e3 c5 4. Nbd2 cxd4 5. exd4 Nc6 6. Bb5 Bd7 7. O-O e6 8.
c4 Be7 9. b3 O-O 10. Bb2 a6 11. Bxc6 Bxc6 12. Ne5 Rc8 13. Qe2 Qb6 14. Rac1 dxc4
15. Ndxc4 Qb5 16. Qe3 Nd5 17. a4 Qxc4 18. Rxc4 Nxe3 19. Nxc6 Rxc6 20. fxe3 Rxc4
21. bxc4 1/2-1/2

[Event "Vaujany 2021 Principal"]
[Site "Vaujany"]
[Date "2021.07.19"]
[Round "5.2"]
[White "Bailet, Pierre"]
[Black "Horvath, Joszef"]
[Result "1/2-1/2"]
[WhiteElo "2520"]
[BlackElo "2420"]
[PlyCount "67"]
[EventDate "2021.07.15"]
[EventType "swiss"]
[EventRounds "9"]
[EventCountry "FRA"]
[SourceVersionDate "2021.07.15"]

1. e4 c5 2. Nf3 e6 3. d4 cxd4 4. Nxd4 a6 5. Bd3 Bc5 6. Nb3 Be7 7. O-O d6 8. Qg4
Bf6 9. N1d2 Nc6 10. Qg3 b5 11. a4 Rb8 12. axb5 axb5 13. f4 Nge7 14. Nf3 g6 15.
Kh1 Nb4 16. Nbd4 Nxd3 17. cxd3 O-O 18. f5 exf5 19. Bh6 Re8 20. Bg5 Bxg5 21.
Nxg5 f6 22. exf5 Nxf5 23. Nxf5 Bxf5 24. Rxf5 fxg5 25. Rxg5 Qf6 26. h4 Qxb2 27.
Rf1 Rf8 28. Rxf8+ Rxf8 29. Qxd6 Qc1+ 30. Kh2 Qf4+ 31. Qxf4 Rxf4 32. Rxb5 Rxh4+
33. Kg3 Rd4 34. Rb3 1/2-1/2

[Event "Vaujany 2021 Principal"]
[Site "Vaujany"]
[Date "2021.07.19"]
[Round "5.6"]
[White "Di Nicolantonio, Lucas"]
[Black "Pillard, Valentin"]
[Result "1-0"]
[WhiteElo "2414"]
[BlackElo "2103"]
[PlyCount "71"]
[EventDate "2021.07.15"]
[EventType "swiss"]
[EventRounds "9"]
[EventCountry "FRA"]
[SourceVersionDate "2021.07.15"]

1. Nf3 d5 2. e3 Nf6 3. c4 c6 4. Nc3 g6 5. d4 Bg7 6. h3 O-O 7. Bd3 c5 8. O-O
cxd4 9. exd4 dxc4 10. Bxc4 b6 11. Ne5 Ba6 12. Bxa6 Nxa6 13. Re1 e6 14. Bg5 h6
15. Bh4 g5 16. Bg3 Nb4 17. h4 Nfd5 18. hxg5 hxg5 19. Ne4 f5 20. a3 Na6 21. Nc6
Qd7 22. Nxg5 Qxc6 23. Rxe6 Qd7 24. Be5 Bxe5 25. dxe5 Qg7 26. Qxd5 Nc7 27. Qb3
Nxe6 28. Nxe6 Qxe5 29. Nxf8+ Kxf8 30. Qb4+ Qe7 31. Qf4 Qf6 32. Re1 Rd8 33. b4
Kg7 34. Qc7+ Kg6 35. Qxa7 Rd2 36. Qb8 1-0

[Event "Vaujany 2021 Principal"]
[Site "Vaujany"]
[Date "2021.07.19"]
[Round "5.1"]
[White "Bauer, C."]
[Black "Pourquet, M."]
[Result "1-0"]
[WhiteElo "2639"]
[BlackElo "2205"]
[PlyCount "73"]
[EventDate "2021.07.15"]
[EventType "swiss"]
[EventRounds "9"]
[EventCountry "FRA"]
[SourceVersionDate "2021.07.15"]

1. b3 g6 2. Bb2 Nf6 3. Nf3 Bg7 4. e3 O-O 5. d4 b6 6. Be2 Bb7 7. O-O e6 8. c4 d6
9. Qc2 Ne4 10. Ne1 Nd7 11. f3 Nef6 12. e4 Rc8 13. Nc3 d5 14. cxd5 exd5 15. e5
Ne8 16. f4 c5 17. Qd2 cxd4 18. Nb5 a6 19. Nxd4 Nc5 20. Nef3 f6 21. Rae1 Bh6 22.
Qe3 Qe7 23. Ba3 fxe5 24. Nxe5 Nd6 25. Bg4 Rce8 26. b4 Nce4 27. Be6+ Kg7 28. Bb2
Nf6 29. Qh3 Nc4 30. Nxc4 dxc4 31. Bc3 Qd6 32. Qh4 Bd5 33. Bxd5 Qxd5 34. g4 g5
35. Qh3 Kg6 36. f5+ Kg7 37. Ne6+ 1-0

[Event "Vaujany 2021 Principal"]
[Site "Vaujany"]
[Date "2021.07.19"]
[Round "5.16"]
[White "Rebut, Paul"]
[Black "Olivier, JC."]
[Result "0-1"]
[WhiteElo "2002"]
[BlackElo "2321"]
[PlyCount "78"]
[EventDate "2021.07.15"]
[EventType "swiss"]
[EventRounds "9"]
[EventCountry "FRA"]
[SourceVersionDate "2021.07.15"]

1. d4 Nf6 2. Bf4 b6 3. e3 Bb7 4. Nf3 e6 5. Nbd2 Be7 6. h3 d6 7. Bd3 Nc6 8. c3
e5 9. Bh2 O-O 10. Qc2 Re8 11. dxe5 dxe5 12. Nxe5 Bd6 13. Nef3 Bxh2 14. Rxh2 Qd5
15. Bc4 Qc5 16. O-O-O b5 17. Be2 b4 18. Nb3 Qe7 19. c4 a5 20. Nbd4 a4 21. Nxc6
Bxc6 22. Nd4 Be4 23. Bd3 c5 24. Nb5 b3 25. Qb1 Red8 26. axb3 axb3 27. Nc3 Bxd3
28. Rxd3 Qe6 29. Rh1 Qxc4 30. Rhd1 Rxd3 31. Rxd3 Ne4 32. f3 Nxc3 33. bxc3 g6
34. Kd2 Ra2+ 35. Ke1 Rc2 36. Qd1 Kg7 37. e4 Rxg2 38. Kf1 Ra2 39. Kg1 b2 0-1

[Event "Vaujany 2021 Principal"]
[Site "Vaujany"]
[Date "2021.07.19"]
[Round "5.9"]
[White "Droin, Augustin"]
[Black "Philippe, Guillaume"]
[Result "1/2-1/2"]
[WhiteElo "2283"]
[BlackElo "2377"]
[PlyCount "122"]
[EventDate "2021.07.15"]
[EventType "swiss"]
[EventRounds "9"]
[EventCountry "FRA"]
[SourceVersionDate "2021.07.15"]

1. e4 c5 2. Nf3 e6 3. d4 cxd4 4. Nxd4 a6 5. Bd3 Nf6 6. O-O d6 7. c4 g6 8. Nc3
Bg7 9. Be2 O-O 10. Bg5 b6 11. Qd2 Bb7 12. Rfd1 Qc7 13. f3 Rc8 14. Rac1 Nbd7 15.
Kh1 Rab8 16. b4 Qd8 17. Nb3 Qf8 18. Qxd6 h6 19. Qxf8+ Bxf8 20. Bf4 e5 21. Be3
Bxb4 22. Bxh6 b5 23. Nb1 bxc4 24. Rxc4 Rxc4 25. Bxc4 Rc8 26. Rc1 Nb6 27. Be2
Rxc1+ 28. Bxc1 Nfd7 29. Ba3 a5 30. Bb5 f5 31. Bxb4 axb4 32. N1d2 fxe4 33. fxe4
Kf7 34. Kg1 Ke6 35. Kf2 Kd6 36. Ke3 Nf6 37. h3 Bc8 38. Nc4+ Nxc4+ 39. Bxc4 g5
40. Be2 Be6 41. Nc1 Nd7 42. Bd1 Nc5 43. Bc2 Kc6 44. Nb3 Nd7 45. Na5+ Kb5 46.
Bb3 Bxh3 47. Nc4 Bxg2 48. Nd6+ Kc5 49. Nf7 Nf6 50. Nxg5 Ng4+ 51. Kd3 Bf1+ 52.
Kd2 Bc4 53. Nf3 Kb5 54. Ne1 Nf6 55. Ke3 Nd7 56. Nf3 Bxb3 57. axb3 Nc5 58. Nxe5
Nxb3 59. Nd3 Nc5 60. Nxb4 Kxb4 61. Ke2 Nxe4 1/2-1/2

[Event "Vaujany 2021 Principal"]
[Site "Vaujany"]
[Date "2021.07.20"]
[Round "6.17"]
[White "Pillard, Valentin"]
[Black "Decuigniere, Tom"]
[Result "1/2-1/2"]
[WhiteElo "2103"]
[BlackElo "2199"]
[PlyCount "60"]
[EventDate "2021.07.15"]
[EventType "swiss"]
[EventRounds "9"]
[EventCountry "FRA"]
[SourceVersionDate "2021.07.15"]

1. e4 e6 2. d4 d5 3. exd5 exd5 4. Qe2+ Qe7 5. Qxe7+ Bxe7 6. Nf3 Nf6 7. c3 O-O
8. Bd3 Bg4 9. Ne5 Bh5 10. O-O Bg6 11. Bxg6 hxg6 12. Nd2 Nbd7 13. Ndf3 Nxe5 14.
Nxe5 Bd6 15. Bf4 Rfe8 16. Rfe1 Bxe5 17. Bxe5 c6 18. Bxf6 gxf6 19. Kf1 Kf8 20.
Rxe8+ Rxe8 21. Re1 Rxe1+ 22. Kxe1 Ke7 23. Ke2 f5 24. f4 Kf6 25. Kf3 a6 26. b4
b5 27. a3 Kg7 28. h4 Kh8 29. g3 Kg7 30. Ke3 f6 1/2-1/2

[Event "Vaujany 2021 Principal"]
[Site "Vaujany"]
[Date "2021.07.20"]
[Round "6.33"]
[White "Dumitrache, Dragos Nicolae"]
[Black "Penalver, Frederic"]
[Result "1-0"]
[WhiteElo "2367"]
[BlackElo "1920"]
[PlyCount "67"]
[EventDate "2021.07.15"]
[EventType "swiss"]
[EventRounds "9"]
[EventCountry "FRA"]
[SourceVersionDate "2021.07.15"]

1. d4 d5 2. c4 c6 3. Nf3 Nf6 4. e3 a6 5. Nc3 Bf5 6. cxd5 cxd5 7. Qb3 Ra7 8. Be2
e6 9. O-O Be7 10. Bd2 O-O 11. Rfc1 Nc6 12. Na4 Ne4 13. Be1 Bf6 14. a3 Re8 15.
Qb6 Qxb6 16. Nxb6 Bd8 17. Nd7 Ra8 18. b4 Be7 19. Nfe5 Red8 20. Nb6 Nxe5 21.
Nxa8 Nd7 22. g4 Bg6 23. Rc7 Nd6 24. a4 Kf8 25. a5 Rxa8 26. Rxd7 Rc8 27. b5 Ke8
28. Rxd6 Bxd6 29. bxa6 bxa6 30. Bxa6 Ra8 31. Bb5+ Kd8 32. a6 Ra7 33. Rc1 f6 34.
Ba5+ 1-0

[Event "Vaujany 2021 Principal"]
[Site "Vaujany"]
[Date "2021.07.20"]
[Round "6.8"]
[White "Gelas, Christophe"]
[Black "Chabaud, Mathis"]
[Result "1-0"]
[WhiteElo "2326"]
[BlackElo "1928"]
[Annotator "promoechecs"]
[PlyCount "57"]
[EventDate "2021.07.15"]
[EventType "swiss"]
[EventRounds "9"]
[EventCountry "FRA"]
[SourceVersionDate "2021.07.15"]

{[%evp 0,26,16,28,35,-23,-7,4,4,-35,-19,1,8,8,13,-1,-1,-20,-24,-16,10,-11,35,
38,52,-13,33,7,59]} 1. d4 Nf6 2. c4 e6 3. Nc3 Bb4 4. Qc2 O-O 5. e4 d5 6. e5 Ne4
7. Bd3 c5 8. Nf3 cxd4 9. Nxd4 Nd7 10. Bf4 Qh4 11. g3 Qh5 12. O-O Bxc3 13. bxc3
Nxe5 (13... g5) 14. Be2 Ng4 15. Bxg4 Qxg4 16. f3 Qh5 17. g4 Qg6 18. fxe4 e5 19.
Bxe5 Bxg4 20. exd5 Bf5+ 21. Qg2 Qxg2+ 22. Kxg2 Bd3 23. Rfd1 Bxc4 24. Nf5 f6 25.
Bc7 Bb5 26. Nd6 Bd7 27. Re1 a5 28. Re7 Ba4 29. Rb1 1-0

[Event "Vaujany 2021 Principal"]
[Site "Vaujany"]
[Date "2021.07.20"]
[Round "6.27"]
[White "Adrian, Leopold"]
[Black "Pelopidas, Florian"]
[Result "1-0"]
[WhiteElo "2047"]
[BlackElo "1908"]
[PlyCount "37"]
[EventDate "2021.07.15"]
[EventType "swiss"]
[EventRounds "9"]
[EventCountry "FRA"]
[SourceVersionDate "2021.07.15"]

1. Nf3 Nf6 2. c4 e6 3. g3 d5 4. d4 Bb4+ 5. Bd2 Bd6 6. Bg2 c6 7. O-O O-O 8. Qb3
Qe7 9. Be1 Ne4 10. Nfd2 f5 11. f3 Nxd2 12. Nxd2 Nd7 13. e4 fxe4 14. fxe4 Rxf1+
15. Bxf1 dxe4 16. Nxe4 Bc7 17. Bb4 Qf7 18. Bh3 Nf8 19. Rf1 1-0

[Event "Vaujany 2021 Principal"]
[Site "Vaujany"]
[Date "2021.07.20"]
[Round "6.30"]
[White "Rebut, Paul"]
[Black "Lougnon, Florian"]
[Result "1-0"]
[WhiteElo "2002"]
[BlackElo "1863"]
[PlyCount "69"]
[EventDate "2021.07.15"]
[EventType "swiss"]
[EventRounds "9"]
[EventCountry "FRA"]
[SourceVersionDate "2021.07.15"]

1. d4 e6 2. Bf4 d5 3. e3 Bd6 4. Bg3 Nf6 5. Nf3 Ne4 6. Nbd2 Nxg3 7. hxg3 Nd7 8.
Bd3 h6 9. e4 dxe4 10. Nxe4 Be7 11. Qe2 Nf6 12. O-O-O Bd7 13. Ne5 Bd6 14. Ng5
Rf8 15. Ngxf7 Rxf7 16. Bg6 Bxe5 17. dxe5 Nd5 18. Qh5 Qe7 19. Rh4 Kf8 20. c4
Rxf2 21. cxd5 Qc5+ 22. Kb1 Kg8 23. Rf4 Rf8 24. Bf7+ Kh8 25. Rxf2 Qxf2 26. dxe6
Ba4 27. b3 Bc6 28. Bg6 Qxg3 29. e7 Rg8 30. Bc2 Be8 31. Qf5 g6 32. Qf6+ Kh7 33.
Rd8 Qe3 34. a3 Qe1+ 35. Kb2 1-0

[Event "Vaujany 2021 Principal"]
[Site "Vaujany"]
[Date "2021.07.20"]
[Round "6.7"]
[White "Chauvet, Vincent"]
[Black "Laurent Paoli, Pierre"]
[Result "0-1"]
[WhiteElo "2124"]
[BlackElo "2407"]
[PlyCount "48"]
[EventDate "2021.07.15"]
[EventType "swiss"]
[EventRounds "9"]
[EventCountry "FRA"]
[SourceVersionDate "2021.07.15"]

1. d4 Nf6 2. c4 c5 3. d5 b5 4. cxb5 a6 5. f3 g6 6. e4 Bg7 7. Na3 O-O 8. Ne2 e6
9. Nc3 exd5 10. Nxd5 Bb7 11. Bg5 Bxd5 12. exd5 h6 13. Bc1 Re8+ 14. Kf2 axb5 15.
Nxb5 c4 16. a4 Qb6+ 17. Kg3 Qc5 18. Nc3 Na6 19. Kh3 Nb4 20. g3 Nbxd5 21. Nxd5
Nxd5 22. Qc2 Re1 23. Ra3 Rb8 24. Bg2 Nb4 0-1

[Event "Vaujany 2021 Principal"]
[Site "Vaujany"]
[Date "2021.07.20"]
[Round "6.2"]
[White "Boyer, Mahel"]
[Black "Bailet, Pierre"]
[Result "1/2-1/2"]
[WhiteElo "2412"]
[BlackElo "2520"]
[Annotator "promoechecs"]
[PlyCount "76"]
[EventDate "2021.07.15"]
[EventType "swiss"]
[EventRounds "9"]
[EventCountry "FRA"]
[SourceVersionDate "2021.07.15"]

{[%evp 0,32,28,30,30,-16,55,43,32,42,66,23,27,-10,5,9,56,73,51,46,46,57,57,51,
35,56,66,70,76,71,74,43,41,5,21]} 1. d4 Nf6 2. c4 g6 3. Nc3 Bg7 4. e4 O-O 5.
Be2 d6 6. h4 c5 7. d5 b5 8. cxb5 a6 9. a4 axb5 10. Bxb5 Ba6 11. Bxa6 Nxa6 12.
Nf3 h5 13. O-O Ng4 14. Qe2 Qd7 15. Bf4 Rfb8 16. Rab1 Rb4 17. Bg3 Nc7 18. e5
dxe5 19. Nxe5 Bxe5 20. Bxe5 Nxd5 21. Rbd1 e6 22. f3 Nxe5 23. Qxe5 Qe8 24. Ne4
Rbxa4 25. Rxd5 Rxe4 26. fxe4 exd5 27. Qxd5 Rd8 28. Qxc5 Qxe4 29. Qf2 Qc4 30.
Re1 Kg7 31. Rf1 Rd6 32. Qe3 Re6 33. Qf4 Qc5+ 34. Kh2 Qe7 35. Qd4+ Kg8 36. Rc1
Kh7 37. Rc8 Qd6+ 38. Qxd6 Rxd6 1/2-1/2

[Event "Vaujany 2021 Principal"]
[Site "Vaujany"]
[Date "2021.07.20"]
[Round "6.10"]
[White "Olivier, JC."]
[Black "Berger Di Lacroix, K."]
[Result "1-0"]
[WhiteElo "2321"]
[BlackElo "2114"]
[PlyCount "81"]
[EventDate "2021.07.15"]
[EventType "swiss"]
[EventRounds "9"]
[EventCountry "FRA"]
[SourceVersionDate "2021.07.15"]

1. e4 c5 2. Nc3 g6 3. g3 Bg7 4. Bg2 Nc6 5. d3 d6 6. Nge2 e5 7. Nd5 Nge7 8. Nec3
O-O 9. h4 Nxd5 10. Nxd5 Ne7 11. h5 Nxd5 12. exd5 Bd7 13. hxg6 fxg6 14. Be3 b5
15. Be4 Bf5 16. Kf1 a5 17. Kg2 Rb8 18. a3 Rf7 19. Rh2 Bf8 20. Qd2 Qf6 21. Qe2
a4 22. Rh4 b4 23. axb4 Rxb4 24. c3 Rb3 25. Rxa4 Rfb7 26. Bc1 Qf7 27. Qf3 Be7
28. Rh1 Bf8 29. Bxf5 gxf5 30. Rh5 f4 31. gxf4 exf4 32. Rxf4 Qe8 33. Rg4+ Rg7
34. Bh6 Rxg4+ 35. Qxg4+ Kh8 36. Bxf8 Qxf8 37. Rf5 Qe7 38. Qf4 Qg7+ 39. Kf3 Qg6
40. Rg5 Qxd3+ 41. Kg2 1-0

[Event "Vaujany 2021 Principal"]
[Site "Vaujany"]
[Date "2021.07.20"]
[Round "6.9"]
[White "Philippe, Guillaume"]
[Black "Emmenecker, Pierre-Antoine"]
[Result "1-0"]
[WhiteElo "2377"]
[BlackElo "2166"]
[PlyCount "139"]
[EventDate "2021.07.15"]
[EventType "swiss"]
[EventRounds "9"]
[EventCountry "FRA"]
[SourceVersionDate "2021.07.15"]

1. Nf3 d5 2. e3 Nf6 3. c4 e6 4. b3 c5 5. Bb2 Nc6 6. cxd5 exd5 7. d4 cxd4 8.
Nxd4 Bb4+ 9. Bc3 Qa5 10. Qd2 Bxc3 11. Nxc3 O-O 12. Be2 Qb4 13. a3 Qe7 14. O-O
Ne5 15. Qb2 Bd7 16. Nf3 Bc6 17. Rad1 Rfd8 18. Nxe5 Qxe5 19. Rd4 Rd7 20. b4 b6
21. Rfd1 Rad8 22. Bf3 Kf8 23. Qb3 Qe6 24. h3 Qe5 25. b5 Bb7 26. Na2 Ba8 27. Nb4
Bb7 28. R1d2 Qe7 29. Qd1 Qe5 30. a4 Ba8 31. Nd3 Qe6 32. Nf4 Qe5 33. g3 Ke8 34.
h4 Bb7 35. Nd3 Qe6 36. g4 h6 37. Nf4 Qe5 38. Ne2 Bc8 39. Ng3 g6 40. Qb3 Bb7 41.
Qb2 Ke7 42. Qb4+ Qd6 43. Qb2 Qe6 44. Rf4 Ne4 45. Bxe4 dxe4 46. Rxd7+ Rxd7 47.
Qg7 Kd8 48. Qxh6 Kc7 49. Qg7 Bd5 50. Kg2 Bb3 51. h5 gxh5 52. gxh5 Bd1 53. Rxe4
Qd5 54. Kh2 Qa2 55. Rf4 Bb3 56. h6 f6 57. Qxf6 Qc2 58. Qe5+ Kb7 59. Qe4+ Qxe4
60. Nxe4 Rh7 61. Rh4 Bxa4 62. Ng5 Rh8 63. Rxa4 Rxh6+ 64. Kg3 Rh5 65. f4 Rh1 66.
Ne6 Rg1+ 67. Kf3 Rf1+ 68. Ke4 Rh1 69. Nd4 Ra1 70. Rxa1 1-0

[Event "Vaujany 2021 Principal"]
[Site "Vaujany"]
[Date "2021.07.19"]
[Round "5.5"]
[White "Flear, G."]
[Black "Gelas, C."]
[Result "1/2-1/2"]
[WhiteElo "2433"]
[BlackElo "2326"]
[Annotator "Flear,Glenn"]
[PlyCount "138"]
[EventDate "2021.07.15"]
[EventType "swiss"]
[EventRounds "9"]
[EventCountry "FRA"]
[SourceVersionDate "2021.07.15"]

1. d4 d5 2. c4 c6 3. Nc3 Nf6 4. e3 e6 5. b3 Nbd7 6. Bb2 Bd6 7. Bd3 O-O 8. Nf3
Re8 9. O-O e5 10. dxe5 Nxe5 11. Nxe5 Bxe5 12. h3 Ne4 13. Bxe4 dxe4 14. Qxd8
Rxd8 15. Rfd1 Bf5 16. Rxd8+ Rxd8 17. Rd1 Rxd1+ 18. Nxd1 Bd6 19. Nc3 h5 20. h4
Be7 21. g3 g5 22. hxg5 Bxg5 23. Na4 Bc8 24. Bd4 a6 25. Nc3 f5 26. c5 Kf7 27.
Kf1 Be6 28. Ke2 h4 29. gxh4 Bxh4 30. f3 exf3+ 31. Kxf3 {=?} Bg5 32. Kg3 Kg6 33.
Kf3 Bd7 34. Ne2 Kf7 35. Nf4 Be8 36. Ke2 Ke7 37. Kd3 Bf7 38. Kc3 Bh4 39. a3 Kd7
40. Nd3 Bd5 41. b4 Be4 42. Kd2 Bd8 43. Kc3 Bh4 44. Kd2 Bg5 45. Nf4 Bd8 46. Kc3
a5 47. Kd2 axb4 48. axb4 Bh4 49. Ng6 Bg5 50. Nf4 Bb1 51. Kc1 Ba2 52. Kb2 Bc4
53. Kc3 Bf1 54. Kd2 Ke7 55. Kc3 Kf7 56. Kd2 Ba6 57. Kc3 Be7 58. Be5 Bh4 59. Kd2
Kg8 60. Nh5 Bd8 61. Bd4 Kh7 62. Nf4 Bh4 63. Ng2 Be7 64. Nf4 Kh6 65. e4 Kg5 66.
Be3 Kf6 67. Bd4+ Kg5 68. Be3 Kf6 69. Bd4+ Kg5 1/2-1/2

[Event "Vaujany 2021 Principal"]
[Site "Vaujany"]
[Date "2021.07.20"]
[Round "6.1"]
[White "Joie, S."]
[Black "Bauer, C."]
[Result "1/2-1/2"]
[WhiteElo "2639"]
[BlackElo "2394"]
[PlyCount "102"]
[EventDate "2021.07.15"]
[EventType "swiss"]
[EventRounds "9"]
[EventCountry "FRA"]
[SourceVersionDate "2021.07.15"]

1. d4 Nf6 2. c4 d6 3. Nf3 g6 4. g3 a6 5. Bg2 b5 6. b3 Bg7 7. Bb2 O-O 8. O-O Bb7
9. Nbd2 Nc6 10. Qc2 e6 11. a3 Rb8 12. Rac1 Ba8 13. Rfd1 bxc4 14. bxc4 Ne7 15.
Bc3 Nd7 16. Rb1 Nb6 17. e4 Bc6 18. Qd3 d5 19. exd5 exd5 20. c5 Nd7 21. Nf1 Nf6
22. Rxb8 Qxb8 23. Rb1 Bb5 24. Qc2 Ne4 25. Ne3 Nxc3 26. Qxc3 Qd8 27. Bf1 Qd7 28.
Qb3 c6 29. a4 Bxf1 30. Kxf1 Bh6 31. Kg2 Bxe3 32. Qxe3 Nf5 33. Qf4 f6 34. g4 Ng7
35. h3 h5 36. Rb6 Qc8 37. gxh5 Nxh5 38. Qg4 Qe8 39. Rb7 Qe4 40. Qd7 g5 41. Kg1
Kh8 42. Qe7 Qxe7 43. Rxe7 Rb8 44. Rc7 Rb1+ 45. Kg2 Nf4+ 46. Kg3 Rb3 47. Rxc6 f5
48. Rc8+ Kg7 49. Re8 Nh5+ 50. Kg2 Nf4+ 51. Kg3 Nh5+ 1/2-1/2

[Event "Vaujany 2021 Principal"]
[Site "Vaujany"]
[Date "2021.07.21"]
[Round "7.4"]
[White "Flear, Glenn"]
[Black "Horvath, Jozsef"]
[Result "1/2-1/2"]
[WhiteElo "2433"]
[BlackElo "2420"]
[PlyCount "39"]
[EventDate "2021.07.15"]
[EventType "swiss"]
[EventRounds "9"]
[EventCountry "FRA"]
[SourceVersionDate "2021.07.15"]

{[%evp 0,39,26,37,35,3,0,13,6,-33,71,41,54,58,66,61,61,52,59,59,57,53,64,31,39,
49,51,38,25,25,27,3,25,7,13,0,18,0,0,0,11,0]} 1. d4 Nf6 2. c4 e6 3. Nc3 d5 4.
cxd5 Nxd5 5. e4 Nxc3 6. bxc3 c5 7. Nf3 cxd4 8. cxd4 Bb4+ 9. Bd2 Bxd2+ 10. Qxd2
O-O 11. Bc4 Nd7 12. O-O b6 13. Rfe1 Bb7 14. Rad1 Rc8 15. Bb3 Re8 16. h3 Nf6 17.
Qf4 Nh5 18. Qg4 Nf6 19. Qf4 Nh5 20. Qg4 1/2-1/2

[Event "Vaujany 2021 Principal"]
[Site "Vaujany"]
[Date "2021.07.21"]
[Round "7.2"]
[White "Bailet, Pierre"]
[Black "Joie, Sébastien"]
[Result "1/2-1/2"]
[WhiteElo "2520"]
[BlackElo "2394"]
[PlyCount "61"]
[EventDate "2021.07.15"]
[EventType "swiss"]
[EventRounds "9"]
[EventCountry "FRA"]
[SourceVersionDate "2021.07.15"]

{[%evp 0,61,25,20,20,11,50,16,16,20,-4,-15,-2,-2,12,15,23,21,42,30,4,-14,-18,
-20,-11,1,2,0,-11,-11,8,-4,10,-6,-6,-10,-1,-4,-6,0,0,-5,18,5,13,5,5,3,40,35,40,
49,42,42,46,46,61,43,48,48,78,78,79,78]} 1. e4 e5 2. Nf3 Nf6 3. Nc3 Nc6 4. d4
exd4 5. Nxd4 Bb4 6. Nxc6 bxc6 7. Bd3 d5 8. exd5 O-O 9. O-O cxd5 10. Bg5 c6 11.
Qf3 h6 12. Bxf6 Qxf6 13. Qxf6 gxf6 14. Ne2 a5 15. Nd4 Bc5 16. Nf5 Bxf5 17. Bxf5
Rfe8 18. Rad1 Rab8 19. b3 Re5 20. Bd3 Rbe8 21. g3 Kf8 22. Kg2 Bb4 23. f4 Re1
24. Rdxe1 Rxe1 25. Rxe1 Bxe1 26. Kf3 Ke8 27. Kg4 Bb4 28. Kf5 Ke7 29. c4 dxc4
30. Bxc4 Bc5 31. Be2 1/2-1/2

[Event "Vaujany 2021 Principal"]
[Site "Vaujany"]
[Date "2021.07.21"]
[Round "7.17"]
[White "Laurent, Julien"]
[Black "Rebut, Paul"]
[Result "1-0"]
[WhiteElo "2248"]
[BlackElo "2002"]
[PlyCount "83"]
[EventDate "2021.07.15"]
[EventType "swiss"]
[EventRounds "9"]
[EventCountry "FRA"]
[SourceVersionDate "2021.07.15"]

1. Nf3 Nf6 2. c4 g6 3. Nc3 Bg7 4. e4 d6 5. d4 O-O 6. Be2 e5 7. O-O Nc6 8. d5
Ne7 9. Ne1 Nd7 10. Nd3 f5 11. f3 f4 12. Bd2 Nf6 13. c5 g5 14. Rc1 Ng6 15. Nb5
Rf7 16. Qc2 Ne8 17. Nf2 Bd7 18. c6 Bc8 19. cxb7 Bxb7 20. Ba5 a6 21. Na3 h5 22.
h3 Bf8 23. Qb3 Rb8 24. Rc3 Nf6 25. Qc2 Rc8 26. Rc1 Ne8 27. b4 Qf6 28. b5 axb5
29. Nxb5 Qg7 30. Nxc7 Nf6 31. Ne6 Rxc3 32. Qxc3 Qh6 33. Nd8 Rg7 34. Nxb7 Rxb7
35. Qc8 Re7 36. Rc7 Rxc7 37. Bxc7 Kg7 38. Bd8 Be7 39. Qc7 Ng8 40. Bxe7 N6xe7
41. a4 g4 42. a5 1-0

[Event "Vaujany 2021 Principal"]
[Site "Vaujany"]
[Date "2021.07.21"]
[Round "7.21"]
[White "Soyer, Jean Yves"]
[Black "Lakatos, Tamas"]
[Result "0-1"]
[WhiteElo "1973"]
[BlackElo "2072"]
[PlyCount "50"]
[EventDate "2021.07.15"]
[EventType "swiss"]
[EventRounds "9"]
[EventCountry "FRA"]
[SourceVersionDate "2021.07.15"]

1. d4 Nf6 2. c4 g6 3. Nc3 d5 4. cxd5 Nxd5 5. e4 Nxc3 6. bxc3 Bg7 7. Nf3 c5 8.
Be3 Nc6 9. Rc1 Qa5 10. Qd2 cxd4 11. cxd4 Qxd2+ 12. Kxd2 O-O 13. d5 Rd8 14. Ke1
Na5 15. Bg5 Bd7 16. Bd3 Rdc8 17. Ke2 e6 18. Bd2 b6 19. Ba6 Rd8 20. Bg5 f6 21.
Bf4 exd5 22. exd5 Ba4 23. Rhe1 Rxd5 24. Bc8 Bb5+ 25. Ke3 Rd3+ 0-1

[Event "Vaujany 2021 Principal"]
[Site "Vaujany"]
[Date "2021.07.21"]
[Round "7.10"]
[White "Guilleux, Fabien"]
[Black "Pillard, Valentin"]
[Result "1-0"]
[WhiteElo "2448"]
[BlackElo "2103"]
[PlyCount "63"]
[EventDate "2021.07.15"]
[EventType "swiss"]
[EventRounds "9"]
[EventCountry "FRA"]
[SourceVersionDate "2021.07.15"]

1. c4 c6 2. e4 d5 3. exd5 cxd5 4. cxd5 Nf6 5. Nc3 g6 6. Nf3 Bg7 7. d4 O-O 8.
Bc4 Nbd7 9. O-O Nb6 10. Bb3 Nbxd5 11. Re1 Bf5 12. Ne5 Rc8 13. Qf3 Be6 14. Bg5
Nc7 15. Qxb7 Qxd4 16. Nc6 Qc5 17. Be3 Qd6 18. Rad1 Ncd5 19. Nxd5 Nxd5 20. Bxd5
Rc7 21. Bxe6 Rxb7 22. Rxd6 exd6 23. Bd5 Rxb2 24. Bxa7 Bc3 25. Rc1 Kg7 26. g3
Bf6 27. a4 Rd2 28. Bc4 Rc8 29. Be3 Rb2 30. Bd5 Ra8 31. Na7 Rab8 32. Rc7 1-0